| 000 | 00901nam a22002415i 4500 | ||
|---|---|---|---|
| 001 | 166899 | ||
| 003 | ES-MaACL | ||
| 005 | 20231223063113.0 | ||
| 008 | 981002s1895 sp a |||| | spa d | ||
| 080 | _a821.134.2-32"18" | ||
| 100 | 1 |
_aValera, Juan, _d1824-1905 _9112638 |
|
| 245 | 1 | 3 |
_aEl hechicero ; _bEl bermejino prehistórico o Las salamandras azules / _cJuan Valera ; ilustraciones de Klong. |
| 260 |
_aMadrid : _bFernando Fé, Librero, _c1895 ( _fTip. Avrial) |
||
| 300 |
_a189 p. : _bil. ; _c14 cm. |
||
| 490 | 1 | _aColección Klong | |
| 530 | _aDisponible en formato digital. | ||
| 700 | 1 |
_aKlong. _968289 |
|
| 740 | 3 | 2 | _aEl bermejino prehistórico o Las salamandras azules. |
| 830 | 1 |
_aColección Klong _9188629 |
|
| 852 |
_aES-MaACL _jG-13405 _z- Enc. hol. |
||
| 856 |
_uhttp://bdh-rd.bne.es/viewer.vm?id=0000099745&page=1 _zBiblioteca Digital Hispánica |
||
| 999 |
_c166899 _d166899 |
||